| 000 | 00448nam a22001457a 4500 | ||
|---|---|---|---|
| 082 | _a621.3 | ||
| 100 | _aIjaz, Hamza | ||
| 245 |
_aFault Prognostics for 3-Phase Induction Motor / _cHamza Ijaz |
||
| 260 |
_aIslamabad : _bCEME - NUST, _c2014. |
||
| 300 |
_a68 p. ; _c30cm. |
||
| 650 |
_aElectrical Engineering-MS-Thesis _916073 |
||
| 700 |
_aDr. Muhammad Salman _929314 |
||
| 942 |
_2ddc _cTHE |
||
| 999 |
_c536972 _d536972 |
||